00371nam a2200121Ia 4500008004100000041000800041082001700049100001700066245006600083260003500149300002000184520004500204240719s9999 xx 000 0 und d aeng a338.0973 DUN aDunlop Sandy aBusiness Heroes Making Business Renewal You Personal Crusade  aUnited KingdombCAPSTONEc1997 a169.; P. 24 Cm. aGifted By : IMT Faculty Dr.senthil kumar